| 000 | 00588 a2200181 4500 | ||
|---|---|---|---|
| 999 |
_c9756 _d9756 |
||
| 020 | _a1779220324 | ||
| 050 | _aPR9390.9 HUG 2004 | ||
| 100 |
_aHuggins, Derek _eauthor |
||
| 245 |
_aStained earth : _ba collection of short stories / _cDerek Huggins |
||
| 264 |
_aAvondale, Harare : _bWeaver Press, _c2004 |
||
| 300 | _axii, 149 pages | ||
| 500 | _aOnline version: Huggins, Derek. Stained earth. | ||
| 650 | _aShort stories, African (English) | ||
| 650 | _aShort stories, Zimbabwean (English) | ||
| 650 | _aWar in literature | ||
| 651 | _aZimbabwe | ||
| 942 |
_2lcc _cBK _h9390.9 _iHUG _kPR |
||